000 01045nam a22002417a 4500
003 OSt
005 20250820085840.0
008 231024b ||||| |||| 00| 0 eng d
040 _c0
082 _aDPer 155.205 J826 January-March 2020 v. 118 n. 1-3
100 _aSun, Jessie.
_eauthor.
_949822
245 _aThe language of well-being :
_btracking fluctuations in emotion experience through everyday speech /
_cJessie Sun, H. Andrew Schwartz, Youngseo Son, Margaret L. Kern, and Simine Vazire.
260 _aWashington ;
_bAmerican Psychological Association ,
_cFebruary 2020.
300 _aVolume 118, pages 364-387 :
_billustration ;
_c28 cm.
500 _aJournal of Personality and Social Psychology, v. 118, no. 2, pages 364-387, February 2020.
650 _aEmotions.
_949823
700 _aSun, Jessie.
_eauthor.
_949822
700 _aSchwartz, H. Andrew.
_eauthor.
_949824
700 _aSon, Youngseo.
_eauthor.
_949825
700 _aKern, Margaret L.
_eauthor.
_949826
700 _aVazire, Simine.
_eauthor.
_949827
942 _2ddc
_cPER
999 _c18386
_d18386